Financování školy : vybrané kapitoly pro regionální školy : studijní text pro distanční studium /

Hlavní autor: Puchinger, Zdeněk
Jazyk: Čeština
Vydáno: Olomouc : Univerzita Palackého v Olomouci, 2010
Vydání: 2., upr. vyd.
Edice: Studijní opory
Témata:
Fyzický popis: 72 s. : il. ; 29 cm
Knihy
Uloženo v:
LEADER 02354nam a2200613 a 4500
001 nkc20102152058
003 CZ PrNK
005 20110215085302.0
007 ta
008 101201s2010 xr a e p 000 0 cze
015 |a cnb002152058 
020 |a 978-80-244-2591-7  |q (brož.) :  |c neprodejné 
035 |a (OCoLC)697268154 
040 |a ABA001  |b cze 
043 |a e-xr--- 
072 7 |a 336.1/.5  |x Veřejné finance  |2 Konspekt  |9 4 
072 7 |a 37.016  |x Učební osnovy. Vyučovací předměty. Učebnice  |2 Konspekt  |9 22 
080 |a 336.1/.5  |2 MRF 
080 |a 336.14  |2 MRF 
080 |a 37.09  |2 MRF 
080 |a 373/378-027.541  |2 MRF 
080 |a 336  |2 MRF 
080 |a (437.3)  |2 MRF 
080 |a (075.8)  |2 MRF 
100 1 |a Puchinger, Zdeněk  |7 ola20040624005  |4 aut 
245 1 0 |a Financování školy :  |b vybrané kapitoly pro regionální školy : studijní text pro distanční studium /  |c Zdeněk Puchinger 
250 |a 2., upr. vyd. 
260 |a Olomouc :  |b Univerzita Palackého v Olomouci,  |c 2010 
300 |a 72 s. :  |b il. ;  |c 29 cm 
490 1 |a Studijní opory 
500 |a V tiráži uvedeno: studijní texty pro distanční vzdělávání, projekt Školský management 
504 |a Obsahuje bibliografie a bibliografické odkazy 
650 0 7 |a veřejné finance  |7 ph127079  |2 czenas 
650 0 7 |a veřejné rozpočty  |7 ph164217  |2 czenas 
650 0 7 |a veřejné finance  |7 ph127079  |z Česko  |2 czenas 
650 0 7 |a veřejné rozpočty  |7 ph164217  |z Česko  |2 czenas 
650 0 7 |a školství  |7 ph116829  |z Česko  |2 czenas 
650 0 7 |a školství  |7 ph116829  |x financování  |2 czenas 
650 0 7 |a regionální školy  |7 ph303417  |x financování  |2 czenas 
650 0 9 |a public finance  |2 eczenas 
650 0 9 |a public budgeting  |2 eczenas 
650 0 9 |a public finance  |z Czechia  |2 eczenas 
650 0 9 |a public budgeting  |z Czechia  |2 eczenas 
650 0 9 |a education  |z Czechia  |2 eczenas 
650 0 9 |a education  |x financing  |2 eczenas 
650 0 9 |a regional schools  |x financing  |2 eczenas 
655 7 |a učebnice vysokých škol  |7 fd133772  |2 czenas 
655 9 |a textbooks (higher)  |2 eczenas 
810 2 |a Univerzita Palackého.  |t Studijní opory  |0 s 
910 2 |a BOA001  |b 4-1255.067 
990 |a BK 
995 |a 01 
991 |b 201101  |c NOV  |e n 
996 6 |b 2610456571  |c 4-1255.067  |l MZK  |r Sklad / do 1 hodiny  |n 36  |p p.v.  |w 001161557  |u 000010  |a 1  |e BOA001  |j MZK50  |s P